ბათუმის შოთა რუსთაველის სახელმწიფო უნივერსიტეტის ბიბლიოთეკა

Сборник задач по начертательной геометрии с решениями типовых задач (ბიბ.ჩანაწერი № 38832)

000 -LEADER
fixed length control field 00700nam a2200217Ia 4500
001 - CONTROL NUMBER
control field 5240
003 - CONTROL NUMBER IDENTIFIER
control field GE_BSU
008 - FIXED-LENGTH DATA ELEMENTS--GENERAL INFORMATION
fixed length control field 181216s||||||||xx |||||||||||||| ||und||
040 ## - CATALOGING SOURCE
Transcribing agency GE_BSU
080 ## - UNIVERSAL DECIMAL CLASSIFICATION NUMBER
Universal Decimal Classification number 514.18(075.8)
100 ## - MAIN ENTRY--PERSONAL NAME
Personal name Арустамов, Х. А.
245 ## - TITLE STATEMENT
Title Сборник задач по начертательной геометрии с решениями типовых задач
245 ## - TITLE STATEMENT
Remainder of title Учебное пособие для высш. учеб. завед
250 ## - EDITION STATEMENT
Edition statement изд.8-ое стереот.
260 ## - PUBLICATION, DISTRIBUTION, ETC.
Place of publication, distribution, etc. Москва
260 ## - PUBLICATION, DISTRIBUTION, ETC.
Name of publisher, distributor, etc. Машиностроение
260 ## - PUBLICATION, DISTRIBUTION, ETC.
Date of publication, distribution, etc. 1971
300 ## - PHYSICAL DESCRIPTION
Extent 375 с. 27 см.
653 ## - INDEX TERM--UNCONTROLLED
Uncontrolled term Геометрия
942 ## - ADDED ENTRY ELEMENTS (KOHA)
Koha item type წიგნი
ეგზემპლარები
Withdrawn status Lost status Damaged status Not for loan Date acquired Barcode Date last seen Price effective from Koha item type
        2018-12-17 16254 2018-12-17 2018-12-17 წიგნი